00818 a2200193 45000010006000000050017000060080041000230030015000640400040000790800031001192450015001500200018001652640009001833000019001925050360002110410008005711000020005797000025005994199620260407155711.0260407a1981 arg spa dAR-UNSa-BCEJYS aAR-UNSa-BCEJYSbspacAR-UNSa-BCEJYS a330xEconomía en general10aEconomía a968-451-002-0 1c1981 a853 p.c23 cm. a1. Conceptos económicos básicos - 2. Alto nivel de empleo y estabilidad de precios - 3. Políticas de demanda agregada - 4. Las grandes cuestiones macroeconomicas de nuestro tiempo - 5. Microeconomía ¿ Es suficiente nuestra producción? - 6. Eficiencia económica: Cuestiones para nuestro tiempo - 7. Microeconomía: Como se distribuye la renta aspa1 aWonnacott, Paul1 aWonnacott, Ronald J.